000 00438nam a2200193Ia 4500
005 20250603144928.0
008 250603s9999 xx 000 0 und d
020 _a9781292022864
050 _aHF 5387 .B6/
100 _aBoatright, John R.
245 0 _aEthics and the conduct of business
250 _a7th ed.
260 _aBoston
260 _bPearson
260 _c2014
300 _a348 p
650 _aBoston
942 _cBK
999 _c40365
_d40365